000 01174nam a2200265Ia 4500
003 OSt
005 20220923211310.0
006 a|||||r|||| 00| 0
007 ta
008 220922b |||||||| |||| 00| 0 hin d
020 _a9788179755877 (hbk)
_c800
024 _a281,071
037 _bIN1063, 05/03/2014, Anamika Publishers & Distributor Pvt. Ltd.
_cTextual
040 _aARTS
_cARTS
_bhin
041 _2hin
_ahin
082 _aO152,6N18x, Q4
100 _aत्रिपाठी, अमरेंद्र, संपा.
245 0 _aशिवदान सिंह चौहान
_b हिंदी के पहले प्रगतिशील आलोचक
246 _aShivadān sianha chauhāna: hiandī ke pahale pragatishīl ālochaka
260 _aनई दिल्ली
_b अनामिका पब्लिशर्स
_c2014
300 _a343पृ.
_ccm.
650 _aहिन्दी साहित्य
_9156264
942 _hO152,6N18x, Q4
_cTEXL
_2CC
999 _c298239
_d298239